Cultivos ilícitos en Colombia : (Registro nro. 2258)

Detalles MARC
000 -CABECERA
Campo de control 01010cam a2200253 i 4500
005 - FECHA Y HORA DE LA ULTIMA TRANSACCION
Campo de control 20160124090656.0
008 - ELEMENTOS DE LONGITUD FIJA—INFORMACION GENERAL
Campo de control 010509t 2001ck bd r 0100 00spa d
015 ## - NATIONAL BIBLIOGRAPHY NUMBER
National bibliography number SSS
020 ## - ISBN
ISBN 9586950433
040 ## - FUENTE DE CATALOGACIÓN
Agencia catalogadora original CO-BoPUJ
Agencia transcriptora CO-BoIAVH
Agencia Modificadora CO-BoIAVH
041 0# - IDIOMA
Código de idioma para texto/pista de sonido o título separado Español
043 ## - GEOGRAPHIC AREA CODE
Geographic area code s-ck---
082 04 - NUMERO DE CLASIFICACION DECIMAL DEWEY
Número de clasificación 338.109861
Número del ítem C96c2
111 2# - ASIENTO PRINCIPAL--NOMBRE DE REUNION
Nombre de reunión o de jurisdicción como elemento de entrada Foro cultivos ilícitos en Colombia
Fecha de la reunión (2000 ago. 17-18 :
Lugar de la reunión Bogotá)
9 (RLIN) 54603
245 10 - MENCION DE TITULO
Título Cultivos ilícitos en Colombia :
Parte restante del título memorias /
Mención de responsabilidad Foro cultivos ilícitos en Colombia.
260 ## - PUBLICACION, DISTRIBUCION, ETC. (PIE DE IMPRENTA)
Lugar de publicación, distribución, etc. Bogotá :
Nombre del editor, distribuidor, etc. Universidad de los Andes,
Fecha de publicación, distribución, etc. 2001.
300 ## - DESCRIPCION FISICA
Extensión 264 páginas
650 14 - ASIENTO SECUNDARIO DE MATERIA - TERMINO TEMATICO
Término temático o nombre geográfico como elemento de entrada Cultivos ilícitos
Subdivisión general Aspectos sociales
Subdivisión geográfica Colombia
Subdivisión de forma Congresos, conferencias, etc.
9 (RLIN) 54604
650 24 - ASIENTO SECUNDARIO DE MATERIA - TERMINO TEMATICO
Término temático o nombre geográfico como elemento de entrada Control de drogas y narcóticos
Subdivisión geográfica Colombia
Subdivisión de forma Congresos, conferencias, etc.
9 (RLIN) 54605
710 2# - ASIENTO SECUNDARIO - NOMBRE CORPORATIVO
Nombre corporativo o de jurisdicción como elemento de entrada Fundación Compartir
9 (RLIN) 54606
710 2# - ASIENTO SECUNDARIO - NOMBRE CORPORATIVO
Nombre corporativo o de jurisdicción como elemento de entrada Programa de las Naciones Unidas para la Fiscalización Internacional de la Droga
9 (RLIN) 54607
710 2# - ASIENTO SECUNDARIO - NOMBRE CORPORATIVO
Nombre corporativo o de jurisdicción como elemento de entrada Universidad de los Andes
9 (RLIN) 54608
942 ## - ELEMENTOS ADICIONALES (KOHA)
Sistema de clasificación Dewey Decimal Classification
Tipo de ítem Libro
Existencias
Withdrawn status Lost status Sistema de Clasificación Damaged status No para préstamo Colección Inventariado Ubicación Permanente Ubicación actual Fecha de adquisición Fuente de Valor Valor Total Checkouts Número topográfico Inventario / Código de Barras Date last seen Ejemplar Price effective from Forma de adquisición Tipo de material
    Dewey Decimal Classification     General Inventariado 2017 Bogotá Bogotá 04/05/2001 Instituto 39000.00   LB-338.109861 C96c2 002821 04/12/2012 Ej. 1 04/12/2012   Libro